<?xml version="1.0" encoding="UTF-8"?>
<record
    xmlns:xsi="http://www.w3.org/2001/XMLSchema-instance"
    xsi:schemaLocation="http://www.loc.gov/MARC21/slim http://www.loc.gov/standards/marcxml/schema/MARC21slim.xsd"
    xmlns="http://www.loc.gov/MARC21/slim">

  <leader>01790nam a22002537a 4500</leader>
  <controlfield tag="003">DO-SdBNP</controlfield>
  <controlfield tag="005">20240228141319.0</controlfield>
  <controlfield tag="007">ta</controlfield>
  <controlfield tag="008">210907b1997       ||||| |||| 00| 0 spa d</controlfield>
  <datafield tag="020" ind1=" " ind2=" ">
    <subfield code="a">9768156570</subfield>
  </datafield>
  <datafield tag="040" ind1=" " ind2=" ">
    <subfield code="a">DO-SdBNP</subfield>
    <subfield code="b">spa</subfield>
    <subfield code="c">BNPHU</subfield>
  </datafield>
  <datafield tag="082" ind1=" " ind2="4">
    <subfield code="a">330.97293</subfield>
    <subfield code="b">M378i</subfield>
  </datafield>
  <datafield tag="100" ind1="1" ind2=" ">
    <subfield code="a">Mart&#xED; Guti&#xE9;rrez, Adolfo,</subfield>
    <subfield code="d">1963-</subfield>
    <subfield code="9">79777</subfield>
  </datafield>
  <datafield tag="245" ind1="1" ind2="0">
    <subfield code="a">Instrumental para el estudio de la econom&#xED;a dominicana :</subfield>
    <subfield code="b">base de datos 1947-1995 /</subfield>
    <subfield code="c">Adolfo Mart&#xED; Guti&#xE9;rrez</subfield>
  </datafield>
  <datafield tag="260" ind1=" " ind2=" ">
    <subfield code="a">Santo Domingo :</subfield>
    <subfield code="b">B&#xFA;ho,</subfield>
    <subfield code="c">1997</subfield>
  </datafield>
  <datafield tag="300" ind1=" " ind2=" ">
    <subfield code="a">392p. :</subfield>
    <subfield code="b">il.; cuadros, grafcs. ;</subfield>
    <subfield code="c">23 cm</subfield>
  </datafield>
  <datafield tag="500" ind1=" " ind2=" ">
    <subfield code="a">Incluye referencias bibliogr&#xE1;ficas y notas al pie de las p&#xE1;ginas</subfield>
  </datafield>
  <datafield tag="504" ind1=" " ind2=" ">
    <subfield code="a">Bibliograf&#xED;a : p. 387-392</subfield>
  </datafield>
  <datafield tag="505" ind1=" " ind2=" ">
    <subfield code="a">Introducci&#xF3;n 1|Instrumental econ&#xF3;mico aplicable a la actividad econ&#xF3;mica 29|Instrumental econ&#xF3;mico aplicable al sector agropecuario 71|Instrumental econ&#xF3;mico aplicable al sector industrial 97|Instrumental econ&#xF3;mico aplicable al sector monetario 123|Instrumental econ&#xF3;mico aplicable a la programaci&#xF3;n monetaira y financiera 167|Instrumental econ&#xF3;mico aplicable a los bancos comerciales 183|Instrumental econ&#xF3;mico aplicable al sistema bancario 197|Instrumental econ&#xF3;mico aplicable al sector fiscal 209|Instrumental econ&#xF3;mico aplicable al resultado presupuestario 245|Instrumental econ&#xF3;mico aplicable al sector externo 271|Instrumental econ&#xF3;mico aplicable a la deuda externa 303|Instrumental econ&#xF3;mico aplicable al nivel de precios 319|Instrumental econ&#xF3;mico aplicable al mercado cambiario 349|Instrumental econ&#xF3;mico aplicable al gasto social 367</subfield>
  </datafield>
  <datafield tag="590" ind1=" " ind2=" ">
    <subfield code="a">Inventariado, 2021 / DG</subfield>
  </datafield>
  <datafield tag="651" ind1=" " ind2="4">
    <subfield code="a">Rep&#xFA;blica Dominicana</subfield>
    <subfield code="x">Condiciones econ&#xF3;micas</subfield>
    <subfield code="x">Estad&#xED;sticas</subfield>
    <subfield code="v">Bases de datos</subfield>
    <subfield code="y">1947-1995</subfield>
    <subfield code="9">79786</subfield>
  </datafield>
  <datafield tag="910" ind1=" " ind2=" ">
    <subfield code="a">D/G/Validado. Control de calidad MFF</subfield>
  </datafield>
  <datafield tag="942" ind1=" " ind2=" ">
    <subfield code="2">ddc</subfield>
    <subfield code="c">LBS1</subfield>
  </datafield>
  <datafield tag="952" ind1=" " ind2=" ">
    <subfield code="0">0</subfield>
    <subfield code="1">0</subfield>
    <subfield code="2">ddc</subfield>
    <subfield code="5">1</subfield>
    <subfield code="7">0</subfield>
    <subfield code="8">MO</subfield>
    <subfield code="a">BNPHU</subfield>
    <subfield code="b">PD</subfield>
    <subfield code="c">HD</subfield>
    <subfield code="d">2021-09-07</subfield>
    <subfield code="l">0</subfield>
    <subfield code="o">BNPHU PD 330.97293 M378i</subfield>
    <subfield code="p">2021-26172</subfield>
    <subfield code="r">2021-09-07</subfield>
    <subfield code="w">2021-09-07</subfield>
    <subfield code="y">LBS1</subfield>
  </datafield>
  <datafield tag="952" ind1=" " ind2=" ">
    <subfield code="0">0</subfield>
    <subfield code="1">0</subfield>
    <subfield code="2">ddc</subfield>
    <subfield code="5">1</subfield>
    <subfield code="7">0</subfield>
    <subfield code="8">MO</subfield>
    <subfield code="a">BNPHU</subfield>
    <subfield code="b">PD</subfield>
    <subfield code="c">HD</subfield>
    <subfield code="d">2021-09-07</subfield>
    <subfield code="l">0</subfield>
    <subfield code="o">BNPHU PD 330.97293 M378i</subfield>
    <subfield code="p">2021-26173</subfield>
    <subfield code="r">2021-09-07</subfield>
    <subfield code="t">e.2</subfield>
    <subfield code="w">2021-09-07</subfield>
    <subfield code="y">LBS1</subfield>
  </datafield>
  <datafield tag="952" ind1=" " ind2=" ">
    <subfield code="0">0</subfield>
    <subfield code="1">0</subfield>
    <subfield code="2">ddc</subfield>
    <subfield code="5">6</subfield>
    <subfield code="7">0</subfield>
    <subfield code="8">MO</subfield>
    <subfield code="a">BNPHU</subfield>
    <subfield code="b">DO</subfield>
    <subfield code="c">HD</subfield>
    <subfield code="d">2021-09-07</subfield>
    <subfield code="l">0</subfield>
    <subfield code="o">BNPHU DS 330.97293 M378i</subfield>
    <subfield code="p">2021-26174</subfield>
    <subfield code="r">2021-09-07</subfield>
    <subfield code="t">e.3</subfield>
    <subfield code="w">2021-09-07</subfield>
    <subfield code="y">LBS1</subfield>
  </datafield>
  <datafield tag="952" ind1=" " ind2=" ">
    <subfield code="0">0</subfield>
    <subfield code="1">0</subfield>
    <subfield code="2">ddc</subfield>
    <subfield code="5">6</subfield>
    <subfield code="7">0</subfield>
    <subfield code="8">MO</subfield>
    <subfield code="a">BNPHU</subfield>
    <subfield code="b">DO</subfield>
    <subfield code="c">HD</subfield>
    <subfield code="d">2021-09-07</subfield>
    <subfield code="l">0</subfield>
    <subfield code="o">BNPHU DS 330.97293 M378i</subfield>
    <subfield code="p">2021-26175</subfield>
    <subfield code="r">2021-09-07</subfield>
    <subfield code="t">e.4</subfield>
    <subfield code="w">2021-09-07</subfield>
    <subfield code="y">LBS1</subfield>
  </datafield>
  <datafield tag="952" ind1=" " ind2=" ">
    <subfield code="0">0</subfield>
    <subfield code="1">0</subfield>
    <subfield code="2">ddc</subfield>
    <subfield code="5">6</subfield>
    <subfield code="7">0</subfield>
    <subfield code="8">MO</subfield>
    <subfield code="a">BNPHU</subfield>
    <subfield code="b">DO</subfield>
    <subfield code="c">HD</subfield>
    <subfield code="d">2021-09-07</subfield>
    <subfield code="l">0</subfield>
    <subfield code="o">BNPHU DS 330.97293 M378i</subfield>
    <subfield code="p">2021-26178</subfield>
    <subfield code="r">2021-09-07</subfield>
    <subfield code="t">e.5</subfield>
    <subfield code="w">2021-09-07</subfield>
    <subfield code="y">LBS1</subfield>
  </datafield>
  <datafield tag="999" ind1=" " ind2=" ">
    <subfield code="c">50434</subfield>
    <subfield code="d">50434</subfield>
  </datafield>
</record>
